[Event "Florianopolis op 10th"]
[Site "Florianopolis"]
[Date "2024.01.22"]
[Round "3"]
[White "Silva, Kaua Marques"]
[Black "Rodriguez Vila, Andres"]
[Result "0-1"]
[WhiteElo "2142"]
[BlackElo "2407"]
[PlyCount "76"]
[EventDate "2024.01.20"]
[EventType "swiss"]
[EventRounds "10"]
[EventCountry "BRA"]
[SourceTitle "CB05_2024"]
[SourceDate "2024.01.31"]
[SourceVersion "1"]
[SourceVersionDate "2024.01.31"]
[SourceQuality "1"]

1. e4 c5 2. Nf3 Nc6 3. d4 cxd4 4. Nxd4 Qb6 5. Nb3 e6 6. Bd3 Nf6 7. Nc3 a6 8. Be3 Qc7 9. f4 d5 10. exd5 exd5 11. 0-0 Bd6 12. Qf3 0-0 13. Nxd5 Nxd5 14. Qxd5 Nb4 15. Qf3 Nxd3 16. cxd3 Bf5 17. Rac1 Qd7 18. Nd4 Bg4 19. Qf2 Rfe8 20. h3 Be6 21. a3 Bd5 22. Rfe1 Be7 23. Ne2 Qf5 24. Nc3 Bc6 25. Rcd1 Rad8 26. g4 Qc8 27. Bb6 Rd6 28. d4 Rh6 29. Qg3 Bh4 30. Rxe8+ Bxe8 31. Qg2 Rxb6 32. g5 Bc6 33. d5 Bd7 34. Kh2 Qc4 35. Ne4 Bf5 36. d6 Qa4 37. Rd5 Qxe4 38. d7 Qxf4+ 0-1

[Event "Florianopolis op 10th"]
[Site "Florianopolis"]
[Date "2024.01.20"]
[Round "1"]
[White "Ramazzotte, Maicon Zilli"]
[Black "Rodriguez Vila, Andres"]
[Result "0-1"]
[WhiteElo "1682"]
[BlackElo "2407"]
[PlyCount "92"]
[EventDate "2024.01.20"]
[EventType "swiss"]
[EventRounds "10"]
[EventCountry "BRA"]
[SourceTitle "CB05_2024"]
[SourceDate "2024.01.31"]
[SourceVersion "1"]
[SourceVersionDate "2024.01.31"]
[SourceQuality "1"]

1. e4 e6 2. d4 d5 3. Nc3 Bb4 4. exd5 exd5 5. Nf3 Ne7 6. Be2 c6 7. 0-0 0-0 8. Bf4 Ng6 9. Bg3 f5 10. Bd3 Nd7 11. Ne2 f4 12. Bxg6 fxg3 13. Bd3 gxh2+ 14. Kxh2 Bd6+ 15. Ng3 Nf6 16. Kg1 Ng4 17. c3 Qf6 18. Qd2 g6 19. Qg5 Qg7 20. Rae1 Bd7 21. Ne5 Be7 22. Qd2 Nxe5 23. dxe5 Rae8 24. c4 Be6 25. cxd5 Bxd5 26. b3 Rd8 27. Qe3 b6 28. Bc4 Bc5 29. Qg5 Bxc4 30. bxc4 Qe7 31. Ne4 Rd4 32. Nf6+ Kh8 33. Re3 Rf7 34. Rh3 Rg7 35. Kh1 Qf7 36. f4 Qxc4 37. Re1 Rxf4 38. Kh2 Rf1 39. Rxf1 Qxf1 40. Qd2 Qg1+ 41. Kg3 Qd4 42. Qxd4 Bxd4 43. Kf4 Re7 44. Ng4 Kg7 45. Ke4 c5 46. Kd5 h5 0-1

[Event "Maldonado IM 3rd"]
[Site "Maldonado"]
[Date "2023.12.05"]
[Round "2"]
[White "Rodriguez Vila, Andres"]
[Black "Villalba, Marcelo"]
[Result "1-0"]
[WhiteElo "2407"]
[BlackElo "2246"]
[PlyCount "111"]
[EventDate "2023.12.04"]
[EventType "tourn"]
[EventRounds "9"]
[EventCountry "URU"]
[EventCategory "1"]
[SourceTitle "CB50_2023"]
[SourceDate "2023.12.13"]
[SourceVersion "1"]
[SourceVersionDate "2023.12.13"]
[SourceQuality "1"]

1. Nf3 Nf6 2. g3 g6 3. Bg2 Bg7 4. 0-0 0-0 5. d3 c5 6. e4 Nc6 7. c3 d6 8. Nbd2 Rb8 9. a4 a6 10. Re1 Nd7 11. Nf1 e5 12. Bg5 Nf6 13. Qd2 Re8 14. h3 Be6 15. Bh6 Qb6 16. Bxg7 Kxg7 17. Ng5 Bd7 18. Ne3 h6 19. Nf3 Be6 20. Nh2 Ne7 21. f4 exf4 22. gxf4 d5 23. Qf2 d4 24. cxd4 cxd4 25. Neg4 Nxg4 26. hxg4 f6 27. a5 Qd6 28. e5 fxe5 29. fxe5 Qd7 30. Qf6+ Kg8 31. Nf3 Rf8 32. Qh4 Kg7 33. g5 Nf5 34. gxh6+ Kh8 35. Qg5 Ne3 36. Nh4 Bf5 37. Be4 Bxe4 38. dxe4 Rf7 39. Re2 Qe6 40. Rf2 Rxf2 41. Nxg6+ Qxg6 42. Qxg6 Rg2+ 43. Qxg2 Nxg2 44. Kxg2 Re8 45. Kf3 Rxe5 46. Kf4 Rb5 47. e5 Rxb2 48. e6 Re2 49. Kf5 Kg8 50. Rg1+ Kh7 51. Kf6 d3 52. e7 Re4 53. Rd1 Rf4+ 54. Ke5 Rf2 55. Rxd3 Re2+ 56. Kf6 1-0

[Event "Iberoamerican-ch 9th"]
[Site "Panama City"]
[Date "2023.11.29"]
[Round "6"]
[White "Estrada Nieto, Julian"]
[Black "Rodriguez Vila, Andres"]
[Result "0-1"]
[WhiteElo "2212"]
[BlackElo "2405"]
[PlyCount "66"]
[EventDate "2023.11.25"]
[EventType "swiss"]
[EventRounds "9"]
[EventCountry "PAN"]
[SourceTitle "CB49_2023"]
[SourceDate "2023.12.06"]
[SourceVersion "1"]
[SourceVersionDate "2023.12.06"]
[SourceQuality "1"]

1. e4 e5 2. Nf3 Nc6 3. Bb5 a6 4. Ba4 Nf6 5. 0-0 d6 6. Bxc6+ bxc6 7. d4 exd4 8. Nxd4 c5 9. Nf3 Bb7 10. Nc3 Be7 11. Re1 0-0 12. Bg5 h6 13. Bh4 Re8 14. Qd3 Nh5 15. Bxe7 Qxe7 16. Nd5 Qd7 17. h3 Re6 18. Re3 Rae8 19. Rae1 Qd8 20. Kh2 c6 21. Nc3 d5 22. exd5 cxd5 23. Rxe6 fxe6 24. Kg1 Nf4 25. Qd2 Rf8 26. Qd1 Qf6 27. Kh2 Nxg2 28. Kxg2 d4 29. Ne4 Qg6+ 30. Ng3 Bxf3+ 31. Qxf3 Rxf3 32. Kxf3 Qxc2 33. Rxe6 d3 0-1

[Event "Iberoamerican-ch 9th"]
[Site "Panama City"]
[Date "2023.11.28"]
[Round "5"]
[White "Rodriguez Vila, Andres"]
[Black "Villalba, Marcelo"]
[Result "1/2-1/2"]
[WhiteElo "2405"]
[BlackElo "2241"]
[PlyCount "74"]
[EventDate "2023.11.25"]
[EventType "swiss"]
[EventRounds "9"]
[EventCountry "PAN"]
[SourceTitle "CB49_2023"]
[SourceDate "2023.12.06"]
[SourceVersion "1"]
[SourceVersionDate "2023.12.06"]
[SourceQuality "1"]

1. c4 c5 2. Nc3 Nc6 3. g3 g6 4. Bg2 Bg7 5. a3 a5 6. e3 e5 7. Nge2 Nge7 8. 0-0 0-0 9. Nd5 d6 10. Nec3 Nxd5 11. cxd5 Ne7 12. Rb1 b5 13. b4 cxb4 14. axb4 a4 15. f4 Bf5 16. Ra1 Bd3 17. Rf2 e4 18. Ra3 f5 19. g4 Rc8 20. gxf5 gxf5 21. Bf1 Qc7 22. Bxd3 exd3 23. Rg2 Qc4 24. Bb2 Ng6 25. h4 Nxh4 26. Rh2 Qxb4 27. Ra2 Qb3 28. Qh5 Rf6 29. Rxh4 Rh6 30. Qxf5 Rxc3 31. Bxc3 Qd1+ 32. Kf2 Qe2+ 33. Kg3 Rg6+ 34. Rg4 Qe1+ 35. Kf3 Qh1+ 36. Kg3 Qg1+ 37. Kf3 Qh1+ 1/2-1/2

[Event "Villa Constitucion op"]
[Site "Villa Constitucion"]
[Date "2023.08.20"]
[Round "6"]
[White "Schnaider, Ilan"]
[Black "Rodriguez Vila, Andres"]
[Result "1/2-1/2"]
[WhiteElo "2220"]
[BlackElo "2399"]
[PlyCount "147"]
[EventDate "2023.08.17"]
[EventType "swiss"]
[EventRounds "9"]
[EventCountry "ARG"]
[SourceTitle "EXT 2024"]
[Source "ChessBase"]
[SourceDate "2023.10.10"]
[SourceVersion "1"]
[SourceVersionDate "2023.10.10"]
[SourceQuality "1"]

1. e4 g6 2. d4 d6 3. Nc3 e5 4. dxe5 dxe5 5. Qxd8+ Kxd8 6. Bc4 Be6 7. Bxe6 fxe6 8. Bg5+ Be7 9. 0-0-0+ Nd7 10. Nf3 h6 11. Bxe7+ Kxe7 12. Nb5 a6 13. Na3 b5 14. c4 Ngf6 15. cxb5 axb5 16. Nxb5 Rxa2 17. Nc3 Ra5 18. Kc2 Rc5 19. Nd2 Ng4 20. Rdf1 Rf8 21. Nf3 Rc6 22. h3 Ngf6 23. Re1 Ne8 24. Ra1 Nd6 25. Rhe1 Rb8 26. Ra2 Rb4 27. Nd2 Nb5 28. Re3 Nd4+ 29. Kb1 Nc5 30. h4 Rd6 31. Ra5 Ndb3 32. Nxb3 Nxb3 33. Rb5 Nd2+ 34. Kc1 c5 35. Rxb4 cxb4 36. Nb5 Rd7 37. b3 h5 38. Kc2 Kd8 39. f3 Ke7 40. Rd3 Rxd3 41. Kxd3 Nxb3 42. Kc4 Nd2+ 43. Kxb4 Nf1 44. Nc3 Ne3 45. g3 Nc2+ 46. Kc4 Ne1 47. Ne2 Nxf3 48. Kd3 Kd6 49. Ke3 Nh2 50. Nc1 Ng4+ 51. Kd3 Nf2+ 52. Ke3 Nd1+ 53. Kd2 Nb2 54. Kc3 Na4+ 55. Kd3 Nc5+ 56. Ke3 Kc6 57. Ne2 Nb3 58. Nc3 Kc5 59. Nd1 Kb4 60. Nf2 Nc5 61. Nh3 Nb7 62. Ng5 Nd6 63. Nxe6 Kc3 64. Nf8 Nc4+ 65. Kf3 Kd4 66. Ne6+ Kd3 67. Nc5+ Kc3 68. Ne6 Nd6 69. Nf8 Kd4 70. Nxg6 Nxe4 71. Nxe5 Kxe5 72. g4 Nd2+ 73. Kg3 hxg4 74. Kxg4 1/2-1/2

[Event "Buenos Aires 9 July op 5th"]
[Site "Buenos Aires"]
[Date "2023.05.26"]
[Round "3"]
[White "Rodriguez Vila, Andres"]
[Black "Ocampos, Ian Guido"]
[Result "0-1"]
[WhiteElo "2431"]
[BlackElo "2215"]
[PlyCount "262"]
[EventDate "2023.05.25"]
[EventType "swiss"]
[EventRounds "7"]
[EventCountry "ARG"]
[SourceTitle "CBM 214 Extra"]
[Source "ChessBase"]
[SourceDate "2023.07.31"]
[SourceVersion "1"]
[SourceVersionDate "2023.07.31"]
[SourceQuality "1"]

1. e4 c5 2. d4 cxd4 3. c3 e5 4. Nf3 Nc6 5. Bc4 Qc7 6. 0-0 Nf6 7. Ng5 Nd8 8. Qb3 d6 9. cxd4 h6 10. Nf3 Ne6 11. Be3 Be7 12. Nc3 0-0 13. Rac1 Qb8 14. Rfd1 exd4 15. Nxd4 Nc5 16. Qc2 Ng4 17. Nd5 Bh4 18. Nb5 Be6 19. Bf4 Bxf2+ 20. Kh1 Bxd5 21. Bxd5 Be3 22. Bxd6 Qe8 23. Nc7 Qd7 24. Bg3 Rac8 25. Be6 fxe6 26. Rxd7 Nxd7 27. Rb1 Nf2+ 28. Bxf2 Bxf2 29. Qc4 Rf7 30. Rf1 Nf8 31. g3 Rcxc7 32. Qd3 Bb6 33. Rxf7 Rxf7 34. a4 e5 35. b4 Bd4 36. Qc4 b6 37. h4 h5 38. g4 hxg4 39. h5 Nd7 40. Qe6 Nf6 41. Qc8+ Rf8 42. Qf5 Nh7 43. Qxg4 Kh8 44. Qg6 Rf6 45. Qe8+ Nf8 46. Kg2 Kh7 47. Kg3 Ne6 48. Kg4 Rf4+ 49. Kg3 Rf6 50. Kg4 Nf4 51. Qd7 Nd3 52. Kg3 Nxb4 53. Qxa7 Nd3 54. Qa8 Nc5 55. Kh3 Rf3+ 56. Kg2 Rf2+ 57. Kh1 Rf4 58. Qe8 Rg4 59. h6 Rh4+ 60. Kg2 Rxh6 61. Kf3 Rh3+ 62. Kg2 Rh6 63. Kf3 Ne6 64. Qc8 Rf6+ 65. Ke2 Rf2+ 66. Kd1 Nf4 67. Qg4 Kg8 68. Qd7 Be3 69. Qd8+ Kf7 70. Qd7+ Kf8 71. Qd8+ Kf7 72. Qd7+ Kg6 73. Qg4+ Kh6 74. Qh4+ Nh5 75. Qh3 Bd4 76. Qg4 Rf4 77. Qe6+ Kg5 78. Qe7+ Kg4 79. Qe6+ Kh4 80. Qg6 Rg4 81. Qh7 g5 82. Kc2 Rg3 83. Qe7 Rf3 84. Qd8 Kg4 85. a5 bxa5 86. Qxa5 Nf4 87. Qa6 Rc3+ 88. Kb1 Kf3 89. Qf1+ Ke3 90. Qg1+ Kd3 91. Qg3+ Kxe4 92. Qxg5 Rb3+ 93. Ka2 Rb6 94. Qh4 Kd3 95. Qg3+ Kc4 96. Qb3+ Kc5 97. Qc2+ Kd6 98. Qc8 Nd5 99. Qf8+ Kc6 100. Qc8+ Nc7 101. Qg8 Rb2+ 102. Ka3 Nb5+ 103. Ka4 Nc3+ 104. Ka3 Nb5+ 105. Ka4 Nd6 106. Qc4+ Bc5 107. Qa6+ Kd5 108. Qd3+ Bd4 109. Qg6 Ra2+ 110. Kb3 Rb2+ 111. Ka4 Kc5 112. Qg8 Rb4+ 113. Ka5 Rb5+ 114. Ka4 Bc3 115. Qf8 e4 116. Qe7 Rb4+ 117. Ka3 Rb7 118. Qg5+ Kc4 119. Qg8+ Kd4 120. Qd8 Bb4+ 121. Ka4 Bc5 122. Qf6+ Kd5 123. Qg5+ Kc6 124. Qg6 e3 125. Qg2+ Kd7 126. Qg4+ Kc7 127. Qg7+ Kb6 128. Qe5 Kc6 129. Qf6 Rb4+ 130. Ka5 Rb3 131. Qf3+ Kc7 0-1

[Event "Buenos Aires 9 July op 5th"]
[Site "Buenos Aires"]
[Date "2023.05.25"]
[Round "1"]
[White "Rodriguez Vila, Andres"]
[Black "Suasnabar, Jesus"]
[Result "1-0"]
[WhiteElo "2431"]
[BlackElo "1901"]
[PlyCount "91"]
[EventDate "2023.05.25"]
[EventType "swiss"]
[EventRounds "7"]
[EventCountry "ARG"]
[SourceTitle "CBM 214 Extra"]
[Source "ChessBase"]
[SourceDate "2023.07.31"]
[SourceVersion "1"]
[SourceVersionDate "2023.07.31"]
[SourceQuality "1"]

1. d4 d5 2. Nc3 c5 3. e3 Nf6 4. Nf3 g6 5. dxc5 Qa5 6. Bb5+ Bd7 7. Qe2 Ne4 8. Bd2 Nxd2 9. Nxd2 Bg7 10. Nxd5 e6 11. Bxd7+ Nxd7 12. Qb5 Qxb5 13. Nc7+ Ke7 14. Nxb5 Bxb2 15. Rb1 Bg7 16. Nb3 a6 17. Nd6 b6 18. Nc4 bxc5 19. Ke2 Rhc8 20. Nba5 Rc7 21. Rb3 Rb8 22. Rxb8 Nxb8 23. Rb1 Nd7 24. Rb3 h5 25. h3 g5 26. Ra3 f5 27. f3 Bf6 28. Rd3 Ne5 29. Nxe5 Bxe5 30. Nc4 Bf6 31. Rd6 Ra7 32. Rc6 Kd7 33. Rxc5 Rb7 34. Ra5 Rb4 35. Nd2 Rb6 36. Nb3 Kc6 37. Kd3 Be7 38. Nd4+ Kd7 39. c4 Rb2 40. Rxa6 Rxg2 41. Ra7+ Ke8 42. Nxe6 Rg3 43. Ng7+ Kd8 44. Nxf5 Rxh3 45. Nxe7 Rxf3 46. c5 1-0

[Event "Mendoza Bermejo Memorial"]
[Site "Mendoza"]
[Date "2023.05.21"]
[Round "7"]
[White "Rodriguez Vila, Andres"]
[Black "Navarrete Sandoval, Francisco Javier"]
[Result "1-0"]
[WhiteElo "2431"]
[BlackElo "2115"]
[PlyCount "133"]
[EventDate "2023.05.18"]
[EventType "swiss"]
[EventRounds "7"]
[EventCountry "ARG"]
[SourceTitle "CBM 214 Extra"]
[Source "ChessBase"]
[SourceDate "2023.07.31"]
[SourceVersion "1"]
[SourceVersionDate "2023.07.31"]
[SourceQuality "1"]

1. d4 Nf6 2. Nc3 d5 3. Bf4 Bf5 4. e3 e6 5. f3 Bg6 6. g4 a6 7. h4 h6 8. Bd3 Bxd3 9. Qxd3 c5 10. Nge2 Nc6 11. a3 Rc8 12. Kf2 cxd4 13. exd4 Bd6 14. Qe3 Be7 15. Kg2 Na5 16. b3 b5 17. Qd3 Bd6 18. Qe3 Qc7 19. Bxd6 Qxd6 20. Rh2 Nc6 21. Kh1 Ne7 22. Qd2 h5 23. g5 Nfg8 24. a4 b4 25. Na2 Rb8 26. Rg1 g6 27. Ng3 Nc6 28. Nc1 Nge7 29. Nce2 Kf8 30. Nf4 Kg7 31. Re1 Nd8 32. Rhe2 Qb6 33. Qe3 Qd6 34. Qd2 Qb6 35. Kg2 Qd6 36. Kh3 Qb6 37. Rd1 Rc8 38. Qe1 Nec6 39. Qd2 Ne7 40. Qe1 Rc3 41. Kg2 a5 42. Qf2 Rc7 43. Rde1 Rc6 44. Nd3 Rd6 45. Qe3 Ndc6 46. Qf4 Rhd8 47. Nc5 Nf5 48. Nxf5+ exf5 49. Kh3 Qb8 50. Re3 Rg8 51. c3 Rdd8 52. Qxb8 Rxb8 53. Nd7 Rbc8 54. Nf6 Rgd8 55. Rd1 Kf8 56. Kg3 Rd6 57. Rc1 f4+ 58. Kxf4 Nxd4 59. cxd4 Rxf6+ 60. gxf6 Rxc1 61. Re7 Rb1 62. Ra7 Ke8 63. Ke5 Re1+ 64. Kxd5 Re6 65. Rxa5 Rxf6 66. Ke4 Re6+ 67. Kd3 1-0

[Event "Mar del Plata op 52nd"]
[Site "Mar del Plata"]
[Date "2023.04.06"]
[Round "7"]
[White "Slipak, Sergio"]
[Black "Rodriguez Vila, Andres"]
[Result "1/2-1/2"]
[WhiteElo "2388"]
[BlackElo "2427"]
[PlyCount "53"]
[EventDate "2023.04.01"]
[EventType "swiss"]
[EventRounds "9"]
[EventCountry "ARG"]
[SourceTitle "CBM 213 Extra"]
[Source "ChessBase"]
[SourceDate "2023.05.31"]
[SourceVersion "1"]
[SourceVersionDate "2023.05.31"]
[SourceQuality "1"]

1. Nf3 Nf6 2. c4 d6 3. d4 g6 4. Nc3 Bg7 5. Bg5 h6 6. Bh4 0-0 7. e3 Nbd7 8. Be2 e5 9. Qc2 exd4 10. Nxd4 Ne5 11. 0-0 a6 12. a4 Qe8 13. Rfd1 Bd7 14. b3 c5 15. Nf3 Bf5 16. e4 Bg4 17. Nxe5 Qxe5 18. Bxf6 Bxf6 19. Bxg4 Qxc3 20. Qxc3 Bxc3 21. Rac1 Bd4 22. Kf1 Rfb8 23. Bd7 Kf8 24. Ke2 Ke7 25. Bg4 b5 26. Rb1 h5 27. Bf3 1/2-1/2

[Event "Florianopolis op 9th"]
[Site "Florianopolis"]
[Date "2023.01.28"]
[Round "9"]
[White "Zampronha, Wladimir Camilo"]
[Black "Rodriguez Vila, Andres"]
[Result "0-1"]
[WhiteElo "2164"]
[BlackElo "2435"]
[PlyCount "106"]
[EventDate "2023.01.23"]
[EventType "swiss"]
[EventRounds "10"]
[EventCountry "BRA"]
[SourceTitle "CBM 212 Extra"]
[Source "ChessBase"]
[SourceDate "2023.03.31"]
[SourceVersion "1"]
[SourceVersionDate "2023.03.31"]
[SourceQuality "1"]

1. e4 d6 2. d4 g6 3. Nc3 c6 4. g3 Bg7 5. Bg2 e5 6. dxe5 dxe5 7. Qxd8+ Kxd8 8. f4 Nd7 9. Nf3 f6 10. fxe5 Nxe5 11. Nxe5 fxe5 12. Bg5+ Nf6 13. 0-0-0+ Ke7 14. Rd3 Rd8 15. Rxd8 Kxd8 16. h4 Ke7 17. Bh3 Bxh3 18. Rxh3 Ke6 19. Bxf6 Bxf6 20. Kd2 Be7 21. Ke2 Rd8 22. Rh1 Bc5 23. Rd1 Bd4 24. Rd3 b5 25. Nd1 Rb8 26. c3 Bc5 27. Ne3 a5 28. b3 h5 29. Rd1 Be7 30. Rf1 Rg8 31. Rf3 Ra8 32. Rf1 Ba3 33. Rd1 Bc5 34. Rc1 Bb6 35. Rd1 a4 36. b4 Rg8 37. Rh1 Bd8 38. Rd1 Be7 39. Rb1 Bf8 40. Rd1 Bh6 41. Rd3 Rc8 42. Rd1 c5 43. Rd5 cxb4 44. cxb4 Rc3 45. Rd3 Rc1 46. Rd5 Ra1 47. Rd2 Rg1 48. Rd5 Rxg3 49. Nd1 Ra3 50. Rxb5 Rxa2+ 51. Kf3 Rd2 52. Nf2 a3 53. Rb6+ Rd6 0-1

[Event "Florianopolis op 9th"]
[Site "Florianopolis"]
[Date "2023.01.26"]
[Round "5"]
[White "Saito, Vinicius Ikezu"]
[Black "Rodriguez Vila, Andres"]
[Result "1/2-1/2"]
[WhiteElo "2138"]
[BlackElo "2435"]
[PlyCount "125"]
[EventDate "2023.01.23"]
[EventType "swiss"]
[EventRounds "10"]
[EventCountry "BRA"]
[SourceTitle "CBM 212 Extra"]
[Source "ChessBase"]
[SourceDate "2023.03.31"]
[SourceVersion "1"]
[SourceVersionDate "2023.03.31"]
[SourceQuality "1"]

1. e4 e5 2. Nf3 Nc6 3. Bb5 a6 4. Ba4 d6 5. Bxc6+ bxc6 6. d4 exd4 7. Nxd4 c5 8. Nf3 g6 9. Bg5 f6 10. Bd2 Bg7 11. Bc3 Ne7 12. 0-0 0-0 13. Nbd2 Be6 14. Re1 Qd7 15. Qe2 Rfe8 16. Rad1 Bf7 17. Qd3 Qb5 18. b3 Nc6 19. Nc4 Nb4 20. Bxb4 cxb4 21. Ne3 Qxd3 22. cxd3 a5 23. Rc1 c5 24. Nc4 Ra6 25. h3 Rd8 26. Red1 Bh6 27. Rc2 d5 28. exd5 Bxd5 29. Ne3 Bxf3 30. gxf3 Bf8 31. Rcd2 a4 32. d4 axb3 33. axb3 Ra3 34. dxc5 Rxd2 35. Rxd2 Bxc5 36. Rd3 Kf7 37. Kg2 Ke6 38. f4 Ra2 39. Kf3 Rb2 40. Kg3 h5 41. Kf3 h4 42. Nd1 Ra2 43. Ne3 f5 44. Nd1 Ra1 45. Ke2 Rb1 46. Kf3 Bd6 47. Ne3 Rh1 48. Kg2 Rc1 49. Kf3 Rc3 50. Rxc3 bxc3 51. Nc2 Kd5 52. Ke3 Bc5+ 53. Kd3 Bxf2 54. Nb4+ Kc5 55. Nc2 Bg1 56. Kxc3 Bh2 57. Nd4 Kd5 58. Nf3 Bxf4 59. Nxh4 Ke4 60. Nxg6 Bd6 61. h4 f4 62. Nxf4 Kxf4 63. Kd2 1/2-1/2